Statistics for Songs From Drones

Click here to take the quiz!

General Stats

  • This quiz has been taken 22 times
  • The average score is 10 of 12

Answer Stats

Answer% Correct
Dead Inside
92%
[Drill Sergeant]
92%
Drones
92%
[JFK]
92%
Mercy
92%
Psycho
92%
Reapers
85%
The Handler
85%
Defector
77%
Revolt
77%
Aftermath
69%
The Globalist
69%

Score Distribution

Percentile by Number Answered

Percent of People with Each Score

Your Score History

You have not taken this quiz